000 00591nam a2200181Ia 4500
003 OSt
005 20240527162948.0
008 210210b1965 xxu||||| |||| 00| 0 eng d
040 _cAL
041 _akan
082 _a859/1470
100 _aRAJAGOPAL (K V)
_9155674
_dರಾಜಗೋಪಾಲ್ (ಕೆ ವಿ)
245 _aArdha tereda bagilu mattu itara kategalu:
_bಅರ್ಧ ತೆರೆದ ಬಾಗಿಲು ಮತ್ತು ಇತರ ಕತೆಗಳು
260 _aMaisuru
_bSharada Mandira
_c1965
690 _aKannada Fiction
_9155675
906 _a022202
942 _2ddc
_cBK
999 _c146330
_d146330